000 00399nam a2200145Ia 4500
008 230917s9999||||xx |||||||||||||| ||und||
040 _e87178
_aMAIN
041 _aEnglish
082 _a709.54 M698M
100 _aMitter, Partha
245 0 _aMuch maligned monsters: history of European reactions to Indian art
260 _aOxford
_bClarendon Press
_c1977
300 _axix, 351 p.
942 _cBK
999 _c184186
_d184186